La construcción de la democracia : (Record no. 124970)
[ view plain ]
| 000 -LEADER | |
|---|---|
| campo de control de longitud fija | 01777 a2200337 4500 |
| 003 - IDENTIFICADOR DE NÚMERO DE CONTROL | |
| campo de control | BJBSDDR |
| 005 - FECHA Y HORA DE LA ÚLTIMA TRANSACCIÓN | |
| campo de control | 20260409131833.0 |
| 007 - CAMPO FIJO DE DESCRIPCIÓN FÍSICA--INFORMACIÓN GENERAL | |
| campo de control de longitud fija | ta |
| 008 - DATOS DE LONGITUD FIJA--INFORMACIÓN GENERAL | |
| campo de control de longitud fija | 250828s2023 sp 00| 0 spa d |
| 020 ## - NÚMERO INTERNACIONAL ESTÁNDAR DEL LIBRO | |
| Número Internacional Estándar del Libro | 9788413642017 |
| 020 ## - NÚMERO INTERNACIONAL ESTÁNDAR DEL LIBRO | |
| Número Internacional Estándar del Libro | 8413642019 |
| 040 ## - FUENTE DE CATALOGACIÓN | |
| Lengua de catalogación | spa |
| Centro/agencia transcriptor | BJBSDDR |
| 041 ## - CÓDIGO DE IDIOMA | |
| Código de lengua del texto/banda sonora o título independiente | spa |
| Código de lengua original | ita |
| 050 14 - SIGNATURA TOPOGRÁFICA DE LA BIBLIOTECA DEL CONGRESO | |
| Número de clasificación | JC 423 |
| Número de ítem | F368c 2023 |
| 100 1# - ENTRADA PRINCIPAL--NOMBRE DE PERSONA | |
| Nombre de persona | Ferrajoli, Luigi, |
| Fechas asociadas al nombre | 1940- |
| 9 (RLIN) | 3382 |
| 240 10 - TÍTULO UNIFORME | |
| Título uniforme | Costruzione della democrazia. |
| Lenguaje de la obra | Español |
| 245 13 - MENCIÓN DEL TÍTULO | |
| Título | La construcción de la democracia : |
| Resto del título | teoría del garantismo constitucional / |
| Mención de responsabilidad, etc. | Luigi Ferrajoli ; traducción de Perfecto Andrés Ibáñez. |
| 260 ## - PUBLICACIÓN, DISTRIBUCIÓN, ETC. | |
| Lugar de publicación, distribución, etc. | Madrid : |
| Nombre del editor, distribuidor, etc. | Editorial Trotta, |
| Fecha de publicación, distribución, etc. | 2023. |
| 300 ## - DESCRIPCIÓN FÍSICA | |
| Extensión | 492 páginas ; |
| Dimensiones | 23 cm. |
| 490 1# - MENCIÓN DE SERIE | |
| Mención de serie | Estructuras y Procesos. |
| 500 ## - NOTA GENERAL | |
| Nota general | Título original: La costruzione della democrazia : teoria del garantismo costituzionale |
| 504 ## - NOTA DE BIBLIOGRAFÍA, ETC. | |
| Nota de bibliografía, etc. | Incluye referencias bibliográficas e índice. |
| 520 ## - RESUMEN, ETC. | |
| Sumario, etc. | La democracia está hoy en crisis también en los países donde, hasta hace poco, parecía irreversible. Frente a la idea de que no existen alternativas a la crisis, este libro aboga por tomar en serio el derecho vigente construyendo las garantías de las promesas de paz e igualdad en los derechos fundamentales. La expansión del paradigma normativo del constitucionalismo democrático, configurado como paradigma formal, no es una simple opción progresista, sino una actuación impuesta por las cartas de derechos y la única alternativa realista a un futuro de catástrofes. |
| 650 #4 - PUNTO DE ACCESO ADICIONAL DE MATERIA--TÉRMINO DE MATERIA | |
| Término de materia o nombre geográfico como elemento de entrada | Democracia |
| 9 (RLIN) | 409 |
| 650 #4 - PUNTO DE ACCESO ADICIONAL DE MATERIA--TÉRMINO DE MATERIA | |
| Término de materia o nombre geográfico como elemento de entrada | Derechos civiles |
| 9 (RLIN) | 2980 |
| 650 #4 - PUNTO DE ACCESO ADICIONAL DE MATERIA--TÉRMINO DE MATERIA | |
| Término de materia o nombre geográfico como elemento de entrada | Estado de derecho |
| 9 (RLIN) | 13368 |
| 700 1# - ENTRADA AGREGADA--NOMBRE PERSONAL | |
| Nombre de persona | Andrés Ibáñez, Perfecto, |
| Fechas asociadas al nombre | 1943- |
| 9 (RLIN) | 43353 |
| Término indicativo de función/relación | traductor |
| 830 #0 - PUNTO DE ACCESO ADICIONAL DE SERIE-TÍTULO UNIFORME | |
| Título uniforme | Colección Estructuras y procesos. |
| Nombre de parte o sección de la obra | Serie Derecho |
| 9 (RLIN) | 3383 |
| 942 ## - ELEMENTOS DE ENTRADA SECUNDARIOS (KOHA) | |
| Fuente del sistema de clasificación o colocación | Clasificación de Library of Congress |
| Tipo de ítem Koha | Libro |
| 946 ## - PROCESAMIENTO DE INFORMACIÓN LOCAL (OCLC) | |
| Iniciales del agente catalogador | rmza |
| Estatus retirado | Estado de pérdida | Fuente del sistema de clasificación o colocación | Estado de daño | No para préstamo | Colección | Biblioteca de origen | Biblioteca actual | Ubicación en estantería | Fecha de adquisición | Signatura topográfica completa | Código de barras | Visto por última vez | Copia número | Tipo de ítem Koha |
|---|---|---|---|---|---|---|---|---|---|---|---|---|---|---|
| Clasificación de Library of Congress | Ciencias Sociales | Biblioteca Juan Bosch | Biblioteca Juan Bosch | Ciencias Sociales (3er. Piso) | 28/08/2025 | JC 423 F368c 2023 | 00000195434 | 28/08/2025 | 1 | Libro |
